糸へんの常用漢字 - Statistics

General Stats
  • This quiz has been taken 539 times
  • The average score is 13 of 54
Answer Stats
糸へんの漢字 % Correct
51%
46%
42%
40%
39%
39%
39%
36%
36%
35%
34%
34%
33%
33%
32%
綿
32%
32%
27%
26%
25%
25%
25%
25%
24%
23%
22%
22%
22%
21%
21%
20%
20%
20%
19%
19%
18%
18%
18%
16%
16%
16%
16%
16%
15%
15%
15%
15%
15%
14%
13%
13%
11%
10%
7%
No matching quizzes found
Score Distribution
Percent of People with Each Score
Percentile by Number Answered
Your Score History
You have not taken this quiz